Geospatial Technology / (Record no. 201063)

MARC details
000 -LEADER
fixed length control field 00584nam a22001817a 4500
010 ## - LCCN (DPL NO)
LC control number ENG-139450
020 ## - INTERNATIONAL STANDARD BOOK NUMBER
International Standard Book Number 9788186772560
Terms of availability 2395.00
035 ## - SYSTEM CONTROL NUMBER
System control number EN-122982
037 ## - SOURCE OF ACQUISITION
Source of stock number/acquisition DBAD/PUB
082 ## - DEWEY DECIMAL CLASSIFICATION NUMBER
Classification number 910.285
245 ## - TITLE STATEMENT
Title Geospatial Technology /
Statement of responsibility, etc edited by S. Vasudevan, G. Ramesh [and] T. Ramkumar
260 ## - PUBLICATION, DISTRIBUTION, ETC. (IMPRINT)
Place of publication, distribution, etc New Delhi
Name of publisher, distributor, etc New Academic Publishers
Date of publication, distribution, etc 2013
270 ## - ADDRESS
Address 4760-61,23, Ansari Road Daryaganj,
City New Delhi
Postal code 110002
300 ## - PHYSICAL DESCRIPTION
Extent 256p.:
Other physical details ill.
Dimensions 25cm(Hb)
700 ## - ADDED ENTRY--PERSONAL NAME
Personal name G. Ramesh
9 (RLIN) 62528
700 ## - ADDED ENTRY--PERSONAL NAME
Personal name T. Ramkumar
9 (RLIN) 62529
942 ## - ADDED ENTRY ELEMENTS (KOHA)
Source of classification or shelving scheme Dewey Decimal Classification
Item type English Books
Classification part 910.285
Call number suffix GEO
Holdings
Withdrawn status Lost status Not for loan Collection code Home library Current library Date acquired Source of acquisition Cost, normal purchase price Full call number Barcode Copy number Cost, replacement price Koha item type
    Not For Loan Reference Ashok Vihar Ashok Vihar 27/02/2024 DBAD 2395.00 910.285 GEO EN-122982 1 2395.00 English Books

© Delhi Public Library
Hit Counter
free hit counter